| 000 | 00577nam a2200205 a 4500 | ||
|---|---|---|---|
| 003 | PILC | ||
| 005 | 20160224083625.0 | ||
| 008 | 100105s19uu xx 00 eng d | ||
| 020 | _a9788178803234 | ||
| 050 |
_aG 155.A1 _b.C512 2008 |
||
| 100 | _aChawla, Romila. | ||
| 245 |
_aTourism marketing and crisis management / _cRomila Chawla. |
||
| 260 |
_aNew Delhi : _bRajat Publications, _c2008. |
||
| 300 |
_a312 pages ; _c22 cm. |
||
| 500 | _aIncludes index. | ||
| 650 |
_aTourism _xManagement. |
||
| 650 |
_aTourism _xMarketing. |
||
| 942 |
_cBK _2lcc _kFOR |
||
| 999 |
_c23839 _d23839 |
||